Flowering plants of the neotropics / (Registro nro. 5042)

Detalles MARC
000 -CABECERA
Campo de control 01176cam a2200301 i 4500
005 - FECHA Y HORA DE LA ULTIMA TRANSACCION
Campo de control 20180803165237.0
008 - ELEMENTOS DE LONGITUD FIJA—INFORMACION GENERAL
Campo de control 050307t 2004njuabo r 001 0 eng d
015 ## - NATIONAL BIBLIOGRAPHY NUMBER
National bibliography number NNN
020 ## - ISBN
ISBN 0691116946
040 ## - FUENTE DE CATALOGACIÓN
Agencia catalogadora original DLC
Agencia transcriptora DLC
Agencia Modificadora DLC
-- CO-BoPUJ
-- CO-BoIAVH
041 0# - IDIOMA
Código de idioma para texto/pista de sonido o título separado Inglés
043 ## - GEOGRAPHIC AREA CODE
Geographic area code cl-----
082 04 - NUMERO DE CLASIFICACION DECIMAL DEWEY
Número de clasificación 581.98
Número del ítem S642f
245 00 - MENCION DE TITULO
Título Flowering plants of the neotropics /
Mención de responsabilidad edited by Nathan P. Smith y (otros cuatro editores).
260 ## - PUBLICACION, DISTRIBUCION, ETC. (PIE DE IMPRENTA)
Lugar de publicación, distribución, etc. Princeton, New Jersey :
Nombre del editor, distribuidor, etc. Princeton University,
Fecha de publicación, distribución, etc. c2004.
300 ## - DESCRIPCION FISICA
Extensión xxii, 594 p., [64] p. de láminas a color :
Otros detalles físicos ilustraciones y mapas ;
Dimensiones 29 cm.
504 ## - NOTA DE BIBLIOGRAFIA, ETC.
Nota de bibliografía Incluye referencias bibliográficas, glosario e índice.
650 24 - ASIENTO SECUNDARIO DE MATERIA - TERMINO TEMATICO
Término temático o nombre geográfico como elemento de entrada Botánica
Subdivisión geográfica América Latina
9 (RLIN) 59626
650 24 - ASIENTO SECUNDARIO DE MATERIA - TERMINO TEMATICO
Término temático o nombre geográfico como elemento de entrada Plantas
Subdivisión general Identificación
9 (RLIN) 59627
650 24 - ASIENTO SECUNDARIO DE MATERIA - TERMINO TEMATICO
Término temático o nombre geográfico como elemento de entrada Taxonomía vegetal
9 (RLIN) 92262
650 24 - ASIENTO SECUNDARIO DE MATERIA - TERMINO TEMATICO
Término temático o nombre geográfico como elemento de entrada Floración vegetal
9 (RLIN) 59629
650 24 - ASIENTO SECUNDARIO DE MATERIA - TERMINO TEMATICO
Término temático o nombre geográfico como elemento de entrada Dicotiledoneas
9 (RLIN) 14470
650 24 - ASIENTO SECUNDARIO DE MATERIA - TERMINO TEMATICO
Término temático o nombre geográfico como elemento de entrada Monocotiledóneas
9 (RLIN) 14469
700 1# - ASIENTO SECUNDARIO - NOMBRE PERSONAL
Nombre personal Smith, Nathan P.,
Fechas asociadas con el nombre 1974-,
Término de relación editor.
9 (RLIN) 59630
700 1# - ASIENTO SECUNDARIO - NOMBRE PERSONAL
Nombre personal Mori, Scott A.,
Fechas asociadas con el nombre 1941-,
Término de relación editor.
9 (RLIN) 59631
856 40 - LOCALIZACION Y ACCESO ELECTRONICOS
Nota dirigida al público Para consultar la tabla de contenido presione aquí
Identificador Uniforme del Recurso http://www.loc.gov/catdir/toc/prin051/2003045968.html
942 ## - ELEMENTOS ADICIONALES (KOHA)
Sistema de clasificación Dewey Decimal Classification
Tipo de ítem Libro
Existencias
Withdrawn status Lost status Sistema de Clasificación Damaged status No para préstamo Colección Inventariado Ubicación Permanente Ubicación actual Fecha de adquisición Fuente de Valor Valor Total Checkouts Número topográfico Inventario / Código de Barras Date last seen Ejemplar Price effective from Forma de adquisición Tipo de material Total Renewals Date checked out
    Dewey Decimal Classification     General Inventariado 2017 Bogotá Bogotá 03/01/2006 Instituto 39000.00   LB-581.98 S642f 022712 04/12/2012 Ej. 1 04/12/2012 Compra Libro    
    Dewey Decimal Classification     General Inventariado 2017 Bogotá Bogotá 05/06/2013 Instituto 39000.00 2 LB-581.98 S642f 029653 16/03/2016 Ej. 2 05/06/2013 Compra Libro 1 23/10/2013